| 000 | 00496nam a2200169 i 4500 | ||
|---|---|---|---|
| 001 | 44017 | ||
| 003 | ES-MaACL | ||
| 005 | 20230906160931.0 | ||
| 007 | t| | ||
| 008 | 030320s1863 fr ||||1| fre d | ||
| 100 | 1 |
_aCazenave de la Roche, Edoaurd. _937239 |
|
| 245 | 1 | 0 |
_aDu climat de l'Espagne sous le rapport médical / _cpar Edouard Cazenave. |
| 260 |
_aParis : _bHenri Plon, _c1863. |
||
| 300 |
_a278 p. ; _c22 cm. |
||
| 650 | 4 |
_aClimatología médica. _9155161 |
|
| 852 |
_aES-MaACL _jG-11929 |
||
| 999 |
_c44017 _d44017 |
||